000 00619nam a22001817a 4500
005 20250124122855.0
008 250124b |||||||| |||| 00| 0 eng d
020 _a9789241541787
050 _aRA975.5
_b.R3
100 _aPalmer, P. E. S.
245 _aManual of Darkroom Technique/
_bWorld Health Organization Basic Radiological System
_cP. E. S. Palmer
250 _bNew Millennium Edition
260 _aGeneva
_bWorld Health Organization
_c1978
260 _aKrishan Nagar, New Delhi
_bA.I.T.B.S. Publishers & Distributors
300 _a25p.
_bill.
_c29cm
710 _aWorld Health Organization
942 _2lcc
_cBK
_n0
999 _c3003
_d3003